[Event "Foros Aerosvit"]
[Site "Foros"]
[Date "2007.06.28"]
[Round "10"]
[White "Shirov, Alexei"]
[Black "Ivanchuk, Vassily"]
[Result "0-1"]
[WhiteElo "2699"]
[BlackElo "2729"]
[Annotator "Marin,M"]
[PlyCount "68"]
[EventDate "2007.06.18"]
[EventType "tourn"]
[EventRounds "11"]
[EventCountry "UKR"]
[EventCategory "18"]
[SourceTitle "CBM 119"]
[Source "ChessBase"]
[SourceDate "2007.08.01"]
[SourceVersion "1"]
[SourceVersionDate "2007.08.01"]
[SourceQuality "1"]

{[%mdl 2] Played in the penultimate round, in a moment when Ivanchuk had an
advantage of just half a point over Shirov, this game had enormous importance
for the final configuration of the cross-table.} 1. e4 e5 2. Nf3 Nc6 3. Bb5 a6
4. Ba4 Nf6 5. O-O b5 6. Bb3 Be7 7. d4 d6 8. c3 O-O 9. Re1 Bg4 {After a
slightly unusual move order, the increasingly fashionable tabyia of the Yates
system has arisen. Shirov never employed this system before, but might have
included it in his repertoire under the influence of his second in the
just-finished Candidates' matches in Elista - Dieter Nisipeanu.} 10. Be3 exd4
11. cxd4 d5 12. e5 Ne4 13. Nc3 {There are certain subtleties regarding the
move order.} ({White frequently inserts the moves} 13. h3 Bh5 {before playing}
14. Nc3 Nxc3 15. bxc3 {in order to be able to meet} f5 $6 {with} 16. exf6 Rxf6
17. g4 $14) 13... Nxc3 14. bxc3 Qd7 {The most natural move: Black completes
his development by connecting rooks.} (14... f5 {is an important alternative,
because White cannot capture on f6 already:} 15. exf6 Rxf6 {[%csl Yf3]}) 15. h3
{But now, it is considered that White should not play this move any more,
because it only drives the bishop closer to the stable g6-square. (However, it
is typical for Shirov's style to launch massive pawn attacks on the kingside,
regardless of the opening. From this perspective, the next moves are easy to
understand).} ({For instance, after} 15. Bc2 {, threatening Qb1 or Qd3, Black
plays} Bh5 {anyway, which in certain cases offers White a clear extra-tempo.}
16. Qb1 Bg6 (16... Bxf3 $2 17. Bxh7+ Kh8 18. Bf5 $1 $16) 17. a4 Rab8 18. axb5
axb5 19. Bg5 $14 {Korneev,O (2559)-Blagojevic,D (2521)/Arco 2003/EXT 2004 (1-0,
61)}) 15... Bh5 16. g4 (16. Bc2 {is slightly less efficient now, because Black
gets a whole tempo for his regrouping.} Nd8 17. Qb1 (17. Rb1 Ne6 18. g4 Bg6 19.
Bf5 a5 20. Qd3 Rab8 21. Kh2 Qc6 22. h4 h5 23. Rg1 Qc4 24. Qc2 b4 25. gxh5 Bxh5
26. Bh6 Qxc3 27. Qxc3 bxc3 {>Pc3} 28. Rxb8 (28. Bxe6 Rxb1 29. Rxg7+ Kh8 30. Bf5
Bg6 $1 $15) 28... Rxb8 29. Bxe6 Kh7 $3 30. Bg5 (30. Bxg7 fxe6 31. Ne1 Bxh4 $17)
30... fxe6 31. Bxe7 Bxf3 32. Rc1 $11 {Ganguly-Kurnosov, Moscow 2005}) (17. a4
Ne6 18. Bf5 Qc6 19. g4 Bg6 20. axb5 (20. Qb3 $5) 20... axb5 21. Qb3 Rfb8 (21...
Ra4 $1 {<->a} 22. Rab1 Ra5) 22. Reb1 Qb7 23. Kg2 c6 24. Qc2 Rxa1 25. Rxa1 Ra8
26. Rxa8+ Qxa8 27. h4 Qa4 28. Qb1 $14 {Lehner,O (2428)-Haznedaroglu,K (2430)/
Gothenburg 2005/CBM 109 (1-0, 49)}) 17... Bg6 18. Bg5 Ne6 19. Bxe7 Qxe7 $11 20.
a4 c6 21. Ra2 Rfb8 22. Rb2 Qa3 23. Qc1 Bxc2 24. Qxc2 Qxa4 25. Qxa4 bxa4 26.
Rxb8+ Rxb8 27. Ra1 Rb3 28. Rxa4 Rxc3 29. Rxa6 g5 $15 {קd4 Milman,L (2434)
-Onischuk,A (2653)/San Diego 2004/CBM 105 (0-1, 42)}) ({A slightly more
refined way to prepare a kingside expansion is} 16. Bf4 Nd8 17. g4 Ne6 18. Bg3
{By transferring the bishop to g3, White increases his control over the
e5-square, which is important if we think that the advance of the f-pawn (...
f5 or ...f6) is one of Black's main defensive elements. Besides, by defending
the h4-square, White enables Nh4-f5 (which is more active than Shirov's Nd2).}
Bg6 19. Nh4 (19. Bc2 Bxc2 20. Qxc2 c5 21. Qd3 Rfc8 22. Nd2 cxd4 23. cxd4 Bb4
24. Rec1 Rxc1+ 25. Rxc1 Rc8 26. Nb3 Rc4 $17 {Leventic,I (2370)-Blagojevic,D 
(2425)/Kladovo 1991/TD (0-1, 43)}) 19... Rae8 $5 (19... c5 20. Nf5 cxd4 21.
cxd4 Rac8 22. h4 Bb4 23. Re3 h5 24. Nd6 Bxd6 25. exd6 $14 {Timofeev,A (2622)
-Lastin,A (2590)/Sochi 2005/CBM 107 (1-0, 33)}) 20. Nf5 (20. Qd2 {/\f4} Bg5 21.
f4 $2 Nxf4) (20. Nxg6 $2 fxg6 $1 {<f4, <->f}) (20. Rf1 $5) 20... Ba3 21. Qd2 f6
$132 22. Bc2 $6 {/\>Nf5} Ng5 23. Kg2 Ne4 $15) 16... Bg6 17. Nd2 {With the
brutal threat f4-f5.} a5 $146 {Black reacts with an indirect defence.} ({
In case of the previously played} 17... f5 {, White should probably react with}
18. exf6 (18. Qf3 Rad8 19. Qg3 Na5 20. Bf4 Qe6 21. g5 c5 22. Bd1 c4 23. Bf3 b4
$132 {Arencibia,W (2485)-Servat,R (2450)/Matanzas 1995/CBM 047 ext (1/2-1/2,
37)}) 18... Bxf6 19. f4 Rae8 20. Qf3 $13) 18. f4 (18. a3 $6 a4 19. Ba2 Bxa3 20.
Bxd5 Qxd5 21. Rxa3 f6 $15 {leaves Black with nice control of the light squares.
}) ({However, the thematic} 18. a4 {deserves further investigation.} b4 19. c4
(19. cxb4 Nxb4 20. f4) 19... dxc4 20. Nxc4 (20. Bxc4 Nxd4 21. Nb3 c5) 20...
Rfd8 21. f4 (21. d5 $6 Qxd5 22. Qxd5 Rxd5 23. Nb6 Rd3 24. Nxa8 Rxb3 25. f4 (25.
Nxc7 Nxe5 $44) 25... Rxe3 26. Rxe3 Bc5 27. f5 (27. Kf2 Bc2 $19) 27... Bxe3+ 28.
Kg2 Nxe5 $44) 21... Nxd4 (21... Be4 22. Bf2 Bd5 23. f5 $14 {()}) 22. f5 {
and now Black has several ways to sacrifice a piece for 3 pawns, with unclear
play.}) 18... a4 19. Bc2 Bxc2 20. Qxc2 f5 21. exf6 {Of course, after the
exchange of the light-squared bishops, White should be even less interested
than before in keeping the position blocked.} Bxf6 22. Nf3 Rae8 {Optically
speaking, Black has a wonderful position. He has just completed his
development in a very harmonious way, while the enemy forces are not that well
coordinated. Strategically, he can also be satisfied, because in the long run
the weakness of the light squares in the white camp (c4 and e4 in first line)
might tell. However, things are not that one-sided. First of all, Black's
minor pieces do not have active possibilities yet and display only defensive
functions (such as controlling the e5-square). Besides, White's kingside
majority is quite threatening. In conclusion, the position remains enormously
complicated and probably equal, although subjectively speaking I would prefer
Black.} 23. Bf2 {White probably intended to exchange the rooks, after which
Black's lead in development would be annihilated, while the kingside plan
would remain valid.} ({With the queen's rook undeveloped yet,} 23. Ne5 {
might seem premature, but things are not entirely clear:} Bxe5 24. dxe5 (24.
fxe5 $15 {stabilizes the position in Black's favour.}) 24... g5 $5 25. Qd2 d4
$5 26. Rad1 (26. cxd4 $2 gxf4 27. Bxf4 Nxd4 $17) 26... Qf7 $13) 23... h5 $1 {
The player with an advantage in development should play actively!} 24. Qg6 (24.
f5 hxg4 25. hxg4 g6 $132) 24... Re4 25. Rxe4 dxe4 {The critical moment of the
game. White cannot capture on e4 because this would leave him in an unpleasant
position after ...hxg4, but where to move the knight?} 26. Nh2 $2 {Shirov was
probably hoping for a slow but consistent attack, based on g5, Qxh5 and g6.
The knight was designed to go either to e3 or g4 (after gxh5). If this is
correct, he might have relied on the fact that the enemy minor pieces are
restriced by his central pawns, forgetting for a minute that he has not
completed his development yet, a detail that makes such moves away from the
centre very risky.} (26. Ng5 Bxg5 27. Qxg5 $13) (26. Ne5 Bxe5 27. fxe5 $13 {
In both cases, Black would have faced difficulties in establishing his
domination on the light squares and the evaluation of the position would have
remained uncertain (although, once again, I would take Black!).}) 26... Nxd4 $3
{A splendid sacrifice, underlining the lack of harmony reigning in White's
camp. The queen is cut off from the rest of the army, while the other pieces
are spread all over the board. It appears that White's centre was not solid
enough to protect him against dynamic operations.} 27. cxd4 Bxd4 28. Rb1 {
Curiously, there is no better square along the first rank.} (28. Rf1 $2 e3 $19)
(28. Re1 $2 Bxf2+ 29. Kxf2 Qd2+ 30. Re2 Rxf4+ 31. Kg3 h4+ ({Even better than} 
31... Qxe2 32. Kxf4 Qxh2+ {, which should win as well.}) 32. Kxh4 Qxe2 33. Qe8+
Rf8 34. Qe6+ Kh8 $19) (28. Rd1 Bxf2+ 29. Kxf2 Qxd1 $19) (28. Rc1 Bxf2+ 29. Kxf2
Qd2+ $19) 28... e3 29. Bg3 h4 $1 {Removing the only defender of the f4-pawn.}
30. Bxh4 Rxf4 {Black threatens ...e2+ followed by ...Qd5+ and mate to follow
soon.} 31. Qd3 $5 {The only way to defend against the immediate threats. The
queen takes the third rank under observation, which would allow him save the
game in case of a hurried advance of the e-pawn.} Qd5 (31... e2+ $2 32. Kg2
Qd5+ 33. Nf3 $1 {and suddenly there is no attack.}) 32. Nf1 Rf2 $5 (32... e2+
33. Ne3 Qf3 {would have won as well.}) 33. Nxe3 (33. Bxf2 exf2+ 34. Kh2 Be5+
$19 {[%csl Yd3]}) 33... Rg2+ 34. Kh1 Qf3 0-1

[Event "Zonal Lvov"]
[Site "Lvov"]
[Date "1978.??.??"]
[Round "2"]
[White "Gulko, Boris F"]
[Black "Geller, Efim P"]
[Result "1-0"]
[WhiteElo "2575"]
[BlackElo "2590"]
[Annotator "Moiseev,V"]
[PlyCount "80"]
[EventDate "1978.04.??"]
[EventType "tourn"]
[EventRounds "15"]
[EventCountry "URS"]
[EventCategory "13"]
[SourceTitle "MCL"]
[Source "ChessBase"]
[SourceDate "1999.07.01"]
[SourceVersion "1"]
[SourceVersionDate "1999.07.01"]
[SourceQuality "1"]

1. e4 e5 2. Nf3 Nc6 3. Bb5 a6 4. Ba4 Nf6 5. O-O Be7 6. Re1 b5 7. Bb3 d6 8. c3
O-O 9. d4 Bg4 10. Be3 d5 $6 (10... exd4 11. cxd4 Na5 12. Bc2 c5) 11. exd5 exd4
(11... Nxd5 $6 12. dxe5 Nxe3 13. Rxe3 Qxd1+ 14. Bxd1 $16 {Brkljaca,A-Raina,Gy/
Mladenovac/1975/}) 12. Bxd4 (12. Bg5 Nxd5 $1 13. Bxd5 Qxd5 14. Bxe7 Bxf3 15.
Qxf3 Qxf3 16. gxf3 Rfe8 $17 {Toth,J-Perenyi,B/Magyrorszag/1977/0:1/37/}) 12...
Nxd4 13. cxd4 (13. Qxd4 Bxf3 14. gxf3 Nd7 15. Nd2 Bc5 16. Qg4 f5 17. Qg2 Bd6
$44 {Razuvaev/}) 13... Bb4 14. Nc3 a5 $6 (14... Bxc3 15. bxc3 Nxd5 16. Qd3 $14
{Van der Wiel,J-Nikolic,Pr/Novi Sad/1982/1:0/}) 15. a3 (15. Qd3 $1 a4 16. Bc2
a3 17. Ne5 $1 Bd7 18. bxa3 Rxa3 19. Bb3 $16 {Van der Wiel/}) 15... Bxc3 16.
bxc3 a4 17. Ba2 Qd6 (17... Nxd5 18. Qd3 Be6 19. Re5 $16) 18. h3 Bxf3 (18... Bf5
$2 19. Re5 Be4 20. Ng5 $1 Bxd5 21. Nxh7 $1 Kxh7 22. Bxd5 $16) (18... Bh5 $5 $13
{Ravinsky/}) 19. Qxf3 $16 Qxa3 (19... Rab8 20. Qg3 $1 Qxa3 21. Qxc7 Rbc8 (21...
Rfc8 22. d6 $1 Rxc7 23. dxc7 $16) 22. Qa5 Qxc3 23. Qxb5 Qxd4 24. Rad1 Qa7 25.
d6 $16) 20. Bc4 Qd6 21. Bxb5 Qxd5 (21... a3 22. Bc6 Ra5 23. c4 $18) 22. Qxd5
Nxd5 23. Bc6 Rad8 24. Bxd5 Rxd5 25. Rxa4 Rc8 (25... c5 26. Ra5) 26. Rc4 Kf8 27.
Kf1 Ra5 28. Rc6 Ra7 29. g4 h6 30. Re5 Rb8 (30... Re8 $142) 31. Ke2 Rb2+ 32. Ke3
g6 33. h4 $18 Rc2 34. f3 Ra3 (34... Rb2 35. h5 gxh5 36. Rxh5 $18) 35. Rec5 Ra1
36. Rxc7 Re1+ 37. Kf4 Rf2 38. Re5 Ref1 39. Re3 f6 40. Rc8+ Kf7 1-0

[Event "DEN-ch"]
[Site "Esbjerg"]
[Date "1997.03.30"]
[Round "9"]
[White "Mortensen, Erling"]
[Black "Ochsner, Thomas"]
[Result "1/2-1/2"]
[WhiteElo "2450"]
[BlackElo "2300"]
[Annotator "Mortensen,E"]
[PlyCount "129"]
[EventDate "1997.03.22"]
[EventType "tourn"]
[EventRounds "9"]
[EventCountry "DEN"]
[EventCategory "10"]
[SourceTitle "CBM 060"]
[Source "ChessBase"]
[SourceDate "1997.09.29"]
[SourceVersion "1"]
[SourceVersionDate "1997.09.29"]
[SourceQuality "1"]

1. e4 e5 2. Nf3 Nc6 3. Bb5 a6 4. Ba4 Nf6 5. O-O Be7 6. Re1 b5 7. Bb3 d6 8. c3
O-O 9. d4 Bg4 10. d5 Na5 11. Bc2 Qc8 12. h3 Bd7 13. Nbd2 c6 14. dxc6 Bxc6 {
The fashion move. It looks logical to prepare pressure on the e4-pawn and a
later d6-d5 this way. On the other hand black loses control with the square f5.
} 15. Nf1 Re8 (15... Nc4 16. Ng3 g6 17. Qe2 Qb7 18. a4 Rfc8 19. b3 Nb6 20. a5
Nbd7 21. Bd2 d5 22. exd5 Nxd5 23. Rad1 Re8 24. Qf1 b4 25. cxb4 {Adams,
M-Ivanchuk,V/Ciudad de Linares14th 1997/CBM 57/[Huzman]/1/2-1/2 (37)}) 16. Ng3
(16. a4 h6 17. Ng3 Bf8 18. Nf5 Nb7 19. axb5 axb5 20. Rxa8 Qxa8 21. b4 Qa1 22.
Qd2 Ra8 23. g4 Qa2 24. Qd1 Qe6 25. Bb3 Qd7 {Carton,P-Ionescu,C/EU-chT Haifa
1989/EU-chT/0-1 (50)}) 16... g6 17. Bh6 {Also 17. Lg5 looks good.} Qc7 18. Qc1
Kh8 {Defending against Sf5.} 19. a4 {19. Sg5 Lf8 20. Lxf8 Txf8 21. f4 is
better for white, but what to do after 19... Ld8 (20. f4?, Sg8)?} Ng8 20. Be3
Nc4 21. Bb3 Bf8 $11 22. axb5 axb5 23. Rxa8 Bxa8 24. Rd1 h6 {This weakening is
not necessary. 24... Lc6 with the idea Db7 was fine for black.} 25. h4 Kh7 26.
h5 Nf6 27. hxg6+ fxg6 28. Bc2 Rc8 29. Bb1 {Defending against b5-b4.} Bc6 30. b3
Na5 {Much better was 30... Sxe3.} 31. Bc2 Bd7 {Black has lost the thread of
the game. A better possibility was 31... Sb7 32. b4 Sd8.} 32. Bd2 Bg4 33. Re1
$16 Bxf3 34. gxf3 Nc6 35. Kg2 {Stronger was perhaps 35. Ld3 to prevent blacks
following:} Nd4 36. Rh1 h5 37. Bd1 b4 38. c4 Ne6 39. f4 exf4 40. Bxf4 Qf7 {
After 40... Sxf4 41. Dxf4 a piece sacrifice on h5 will decide the game.} 41.
Be3 Ra8 42. Qd2 Kg8 43. Bf3 Ng4 {White wins a pawn after 43... Ta3 44. Dxb4 d5
45. Db5, and also 43... Tb8 44. Ta1 gives white clearly the better game.} 44.
Bxg4 hxg4 45. Qd1 Qf3+ {The white attack is decisive after 45... Ta3 46. Dxg4
Txb3 47. Sf5 (threatening Th6) Lg7 48. Sh6+ Lxh6 49. Txh6 Kg7 50. Dh4 Sf8 51.
Ld4+. Black goes into an ending a pawn dawn as the best practical chance - and
is succesfull!} 46. Qxf3 gxf3+ 47. Kxf3 Ra2 48. Rb1 Rc2 49. Ne2 Bg7 50. Rd1 Be5
51. Rd2 Rxd2 52. Bxd2 Nc5 53. Bxb4 Nxb3 54. Kg4 Kf7 55. f4 Bg7 56. Kf3 Ke6 57.
Kg4 Bf6 58. f5+ gxf5+ 59. exf5+ Kd7 60. Kh5 Kc6 61. Kg6 (61. Nf4 $142 $18)
61... Be5 62. Nf4 $2 {A miscalculation.} Bxf4 63. f6 Nc5 64. f7 Nd7 65. Kg7
1/2-1/2

[Event "Moscow Aeroflot op-A"]
[Site "Moscow"]
[Date "2005.02.15"]
[Round "1"]
[White "Belov, Vladimir"]
[Black "Khalifman, Alexander"]
[Result "1/2-1/2"]
[WhiteElo "2582"]
[BlackElo "2662"]
[Annotator "Mueller,Karsten"]
[PlyCount "133"]
[EventDate "2005.02.15"]
[EventType "swiss"]
[EventRounds "9"]
[EventCountry "RUS"]
[SourceTitle "CBM 106"]
[Source "ChessBase"]
[SourceDate "2005.06.06"]
[SourceVersion "1"]
[SourceVersionDate "2005.06.06"]
[SourceQuality "1"]

1. e4 e5 2. Nf3 Nc6 3. Bb5 a6 4. Ba4 Nf6 5. O-O Be7 6. Re1 b5 7. Bb3 O-O 8. d4
d6 9. c3 Bg4 10. Be3 Bd7 11. Nbd2 Ng4 12. Nf1 Nxe3 13. Nxe3 Bf6 14. Nd5 Rb8 15.
h3 g6 16. Nxf6+ Qxf6 17. dxe5 Nxe5 18. Nxe5 Qxe5 19. Qd2 a5 20. a3 Be6 21. Bd5
Bxd5 22. exd5 Qf6 23. Re4 Rfe8 24. Rae1 Rxe4 25. Rxe4 Kg7 26. Qe3 Ra8 27. Re7
b4 28. Rxc7 bxa3 29. bxa3 Rb8 30. Rc4 Rb3 31. a4 Rb1+ 32. Kh2 Rb2 33. Kg3 Rc2
34. h4 h6 35. f3 h5 36. Rc6 Ra2 37. Rc4 Rc2 38. Rc8 Kh7 {It seems as though
White could not make the most of his advantage due to the fact that the
resulting rook endgames have a high tendency to end in draws: Es scheint als
könnte Weiß seinen Vorteil wegen der großen Remistendenz der entstehenden
Turmendspiele nicht verwerten:} 39. Qe8 (39. Qg5 $5 Qxg5+ 40. hxg5 Rd2 41. c4
Ra2 42. c5 Rd2 43. Kf4 (43. c6 Rxd5 44. Rf8 Rxg5+ 45. Kf4 Rc5 46. Rxf7+ Kg8 47.
Rc7 Kf8 $11) 43... Rxd5 44. Ke4 Rd2 45. g3 Rc2 46. c6 Rc5 $11) 39... Rd2 40. c4
Rd4 41. Qg8+ Kh6 42. Qf8+ Kh7 43. Qg8+ Kh6 44. Qh8+ Qxh8 45. Rxh8+ Kg7 46. Rc8
Kf6 47. Rc7 g5 48. hxg5+ Kxg5 49. Kf2 Rd2+ 50. Ke3 Rxg2 51. Rxf7 Ra2 52. f4+
Kg4 53. Rg7+ Kf5 54. Rg5+ Kf6 55. Rxh5 Rxa4 56. Kd4 Ra1 57. Rh6+ Ke7 58. Rh7+
Kd8 59. Ra7 a4 60. Ke4 (60. f5 Ke8 61. f6 a3 62. Kc3 Rf1 63. f7+ Kf8 64. Kb3
Rf3+ 65. Ka2 Rc3 $11) 60... a3 61. Kf5 a2 62. Kf6 Rf1 63. Rxa2 Rxf4+ 64. Ke6
Rxc4 65. Kxd6 {[%tqu "En","Where should his majesty go?","","","d8c8","The
king must move to the short side, so that the rook can check from the long
side.",2,"d8e8","",-2,"De","Wohin soll sich der Monarch wenden?","","","d8c8",
"der König muss auf die kurze Seite, damit der Turm von der langen her Schach
bieten kann.",2,"d8e8","",-2]} Kc8 $1 {The king must move to the short side,
so that the rook can check from the long side. Der König muss auf die kurze
Seite, damit der Turm von der langen her Schach bieten kann.} (65... Ke8 $2 66.
Ra8+ Kf7 67. Kd7 Rb4 68. d6 Rd4 69. Kc6 Rc4+ 70. Kd5 Rc1 71. d7 Rd1+ 72. Kc6
Rc1+ 73. Kb5 Rb1+ 74. Kc4 Rc1+ 75. Kb3 Rb1+ 76. Kc2 $18) 66. Re2 Rd4 67. Re1 (
67. Re8+ Kb7 68. Rd8 (68. Ke6 Kc7 $11) 68... Rh4 69. Kd7 Rh7+ $11) 1/2-1/2

[Event "Sao Paulo International"]
[Site "Sao Paulo"]
[Date "1978.05.24"]
[Round "3"]
[White "Van Riemsdijk, Herman Claudius"]
[Black "Smyslov, Vassily V"]
[Result "0-1"]
[WhiteElo "2375"]
[BlackElo "2575"]
[Annotator "Notkin,M"]
[PlyCount "100"]
[EventDate "1978.05.20"]
[EventType "tourn"]
[EventRounds "13"]
[EventCountry "BRA"]
[EventCategory "8"]
[SourceTitle "MCL"]
[Source "ChessBase"]
[SourceDate "1999.07.01"]
[SourceVersion "1"]
[SourceVersionDate "1999.07.01"]
[SourceQuality "1"]

1. e4 e5 2. Nf3 Nc6 3. Bb5 a6 4. Ba4 Nf6 5. O-O Be7 6. Re1 b5 7. Bb3 O-O 8. d4
d6 9. c3 Bg4 10. Be3 exd4 11. cxd4 Na5 12. Bc2 c5 13. h3 Bh5 (13... cxd4 $5) (
13... Bxf3 $5) 14. dxc5 dxc5 15. Nbd2 Nd7 16. Qb1 (16. g4 Bg6 17. Nh2 Nc6 18.
f4 f6 19. Ndf3 Qc7 20. Nh4 Bf7 21. Nf5 Rfe8 $13 {Kurajica,B/Jelen,Iz/YUG/1977/
1:0/52/}) (16. Rc1 Re8 17. b3 Rc8 18. Bb1 Bf6 19. Qe2 Bb2 20. Rcd1 Bc3 21. e5
$5 $13 {Cseshkovsky,V-Dorfman,I/Moscow/1985/0,5/46/}) 16... Re8 17. e5 Nf8 18.
Be4 $6 (18. Bf5 Bg6 19. Qe4 Bxf5 20. Qxf5 Qd7 21. Qc2 Qc6 22. a4 Ne6 23. Ne4 {
Yudasin,L-Huzman,A/Haifa/1993/0,5/23/}) 18... Rc8 19. Bf5 Bg6 20. Bxg6 hxg6 21.
Qc2 $2 (21. Qe4 Qc7) (21. Ne4 Nc4 22. Rd1 Qc7 23. Bf4 Ne6 24. Bg3 Red8 25. b3
$13) 21... Nc6 $1 $17 22. a3 Qd5 23. Qe4 Red8 24. Rad1 Ne6 25. Qxd5 Rxd5 26.
Ne4 Rcd8 27. Nc3 $6 (27. Rxd5 Rxd5 28. Nc3 $17) 27... Rxd1 28. Rxd1 Rxd1+ 29.
Nxd1 Bd8 $1 30. g3 Bc7 31. Bf4 f6 $1 (31... Ned4 32. Kg2 $1 Nxf3 33. Kxf3 Nxe5+
34. Ke4 $44) 32. exf6 Bxf4 33. gxf4 Nxf4 34. fxg7 Nxh3+ 35. Kh2 Nf4 36. Ng5
Kxg7 37. Kg3 Nd3 38. Kf3 Kf6 39. Ne4+ Ke5 40. Ke3 c4 41. b3 Nd4 42. bxc4 bxc4
43. f4+ $2 (43. Nd2 Nc2+ 44. Ke2 Nc1+ $1 $19) (43. Nd6 $5 Nf5+ 44. Nxf5 gxf5
$19) 43... Nxf4 44. Nc5 Nd5+ 45. Kf2 Nc7 46. a4 Nb3 47. Nd7+ Kd4 48. Nf8 g5 49.
Kf3 Nc5 50. Kg4 N7e6 0-1